[Event "Lardenne op 2th"]
[Site "?"]
[Date "2014.05.18"]
[Round "1.28"]
[White "Holler, Isabel"]
[Black "Mosset-Cancel, Drystan"]
[Result "1/2-1/2"]
[WhiteElo "1290"]
[BlackElo "1520"]
[PlyCount "44"]
[EventDate "2014.??.??"]

{509MB, Fritz 14.ctg} 1. Nf3 d5 2. d4 Nc6 3. Nbd2 Nf6 4. e3 a6 5. c3 g6 6. Bd3
Bg7 7. O-O O-O 8. Re1 Re8 9. e4 dxe4 10. Nxe4 e5 11. dxe5 Nxe4 12. Bxe4 Nxe5
13. Qxd8 Nxf3+ 14. Bxf3 Rxd8 15. Bg5 f6 16. Bf4 c6 17. Rad1 Rxd1 18. Rxd1 Be6
19. b3 f5 20. c4 Kf7 21. h4 h6 22. Kh2 Kf6 1/2-1/2

[Event "Lardenne op 2th"]
[Site "?"]
[Date "2014.05.18"]
[Round "1.29"]
[White "Ginouillac, Philippe"]
[Black "Jackson, Sue"]
[Result "1-0"]
[WhiteElo "1512"]
[BlackElo "1249"]
[PlyCount "75"]
[EventDate "2014.??.??"]

{509MB, Fritz 14.ctg} 1. e4 c5 2. Nf3 d6 3. d4 cxd4 4. Nxd4 Nc6 5. Bb5 e6 6.
Nxc6 Qc7 7. Ne5+ Kd8 8. Nf3 Qa5+ 9. Nc3 Nf6 10. Bd3 h6 11. Qd2 d5 12. a3 Bd7
13. Ne5 Kc8 14. Nxd7 Nxd7 15. exd5 Ne5 16. Be2 Bc5 17. O-O Rd8 18. Qf4 f6 19.
b4 Bxb4 20. Qxb4 Qc7 21. f4 a5 22. Qb3 Qc5+ 23. Kh1 Ng6 24. Qc4 Qxc4 25. Bxc4
e5 26. Na4 Kc7 27. Bd3 Ne7 28. fxe5 fxe5 29. c4 Rf8 30. Bb2 Kd6 31. Rxf8 Rxf8
32. Rf1 Rb8 33. Rf7 Rg8 34. c5+ Kd7 35. d6 Ke8 36. Rxe7+ Kd8 37. Nb6 Re8 38.
Rd7# 1-0

[Event "Lardenne op 2th"]
[Site "?"]
[Date "2014.05.18"]
[Round "1.30"]
[White "Daloz, Mateo"]
[Black "Mouret, Arnaud"]
[Result "1/2-1/2"]
[WhiteElo "1236"]
[BlackElo "1497"]
[PlyCount "51"]
[EventDate "2014.??.??"]

{509MB, Fritz 14.ctg} 1. c4 e5 2. Nc3 Bc5 3. g3 d6 4. Bg2 Nf6 5. e3 Nc6 6. Nge2
O-O 7. O-O Re8 8. d4 exd4 9. Nxd4 Bxd4 10. Bxc6 bxc6 11. Qxd4 c5 12. Qd2 Bb7
13. b3 Bf3 14. Bb2 Qd7 15. Nd5 Qh3 (15... Nxd5 16. cxd5 Qh3) 16. Nf4 Qh6 17.
Qc3 Ne4 18. Qd3 g5 19. Ng2 Bxg2 20. Kxg2 g4 21. Qd5 Rad8 22. Qf5 Qh3+ 23. Kg1
Re6 24. f3 Rh6 25. Qxg4+ (25. Rf2 Nxf2 (25... Qh5 26. Qxe4) (25... gxf3 26.
Qxe4) 26. Qg5+ Rg6 27. Qxd8#) 25... Qxg4 26. fxg4 1/2-1/2

[Event "Lardenne op 2th"]
[Site "?"]
[Date "2014.05.18"]
[Round "1.31"]
[White "Bernot, Octave"]
[Black "Boyd, Emilie"]
[Result "1/2-1/2"]
[WhiteElo "1480"]
[BlackElo "1040"]
[PlyCount "67"]
[EventDate "2014.??.??"]

{509MB, Fritz 14.ctg} 1. d4 d5 2. Nf3 Nc6 3. Bf4 Nf6 4. e3 Bf5 5. c4 e6 6. a3
Be7 7. Qb3 Qc8 8. Nc3 O-O 9. cxd5 exd5 10. Nxd5 Nxd5 11. Qxd5 a6 12. Bxc7 Be6
13. Qe4 Qxc7 14. d5 Bd7 (14... Qa5+) 15. dxc6 Bxc6 16. Qg4 Rad8 17. Be2 Bf6 18.
Rb1 g6 19. O-O Bg7 20. Qh4 h6 21. b4 b5 22. Rfc1 Rc8 23. Nd4 Qb6 24. Nxc6 Rxc6
25. Rxc6 Qxc6 26. f3 Qc3 27. Qe4 Qxa3 28. Qc2 Rd8 29. Qb3 Qxb3 30. Rxb3 g5 31.
Ra3 Rd6 32. Ra2 f5 33. g4 fxg4 34. fxg4 1/2-1/2

[Event "Lardenne op 2th"]
[Site "Toulouse"]
[Date "2014.05.18"]
[Round "2.1"]
[White "Jarlaud, Levi"]
[Black "Alashtar, A."]
[Result "0-1"]
[WhiteElo "1873"]
[BlackElo "2111"]
[PlyCount "90"]
[EventDate "2014.??.??"]

{509MB, Fritz 14.ctg} 1. c4 g6 2. d4 Bg7 3. e4 c5 4. Nf3 cxd4 5. Nxd4 Nc6 6.
Be3 Nf6 7. Nc3 Qa5 8. f3 d6 9. Be2 O-O 10. Qd2 Nd7 11. O-O a6 12. Rab1 Rb8 13.
b3 Nc5 14. Rfc1 Ne6 15. Nxc6 bxc6 16. Nd5 Qd8 17. Nb4 Qc7 18. Nc2 Rd8 19. b4 c5
20. b5 a5 21. a4 Qb6 22. Rd1 Bb7 23. Rb3 Nf8 24. Bg5 Rd7 25. Rd3 Rbd8 26. Qe1
h6 27. Bd2 Ra8 28. Bc3 Bxc3 29. Qxc3 f6 30. Bf1 Rdd8 31. Re1 Bc8 32. Ne3 Ne6
33. Nd5 Qb7 34. f4 Kg7 35. e5 dxe5 36. fxe5 f5 37. h4 Nd4 38. e6 Rxd5 39. cxd5
Qxd5 40. Rc1 Bb7 41. Qxc5 Qxc5 42. Rxc5 Nxe6 43. Re5 Kf6 44. Ree3 Be4 45. Rxe4
fxe4 0-1

[Event "Lardenne op 2th"]
[Site "Toulouse"]
[Date "2014.05.18"]
[Round "2.2"]
[White "Woloszyn, Florent"]
[Black "Abdelmoumen, Oussama"]
[Result "1-0"]
[WhiteElo "2081"]
[BlackElo "1768"]
[PlyCount "47"]
[EventDate "2014.??.??"]

{509MB, Fritz 14.ctg} 1. d4 d5 2. Nf3 c6 3. Bf4 e6 4. e3 f5 5. Nbd2 Nf6 6. Ne5
Be7 7. c3 b6 8. Bd3 Bb7 9. Qe2 Nbd7 10. f3 Nxe5 11. Bxe5 Bd6 12. Bxd6 Qxd6 13.
e4 fxe4 14. fxe4 dxe4 15. Nxe4 Nxe4 16. Bxe4 O-O-O 17. O-O h6 18. Rf7 Rd7 19.
Raf1 Re8 20. Qg4 Ree7 21. Qxg7 Ba6 22. Rxe7 Rxe7 23. Rf7 Rxf7 24. Qxf7 1-0

[Event "Lardenne op 2th"]
[Site "?"]
[Date "2014.05.18"]
[Round "2.3"]
[White "Boutillon, Nathanael"]
[Black "Marty, Brice"]
[Result "0-1"]
[WhiteElo "1774"]
[BlackElo "2080"]
[PlyCount "132"]
[EventDate "2014.??.??"]

{509MB, Fritz 14.ctg} 1. e4 c5 2. c3 Nf6 3. e5 Nd5 4. d4 cxd4 5. cxd4 Nc6 6.
Nf3 d6 7. Bc4 Nb6 8. Bb5 dxe5 9. Nxe5 Bd7 10. Bxc6 Bxc6 11. Nxc6 bxc6 12. Nc3
g6 13. Be3 Bg7 14. O-O O-O 15. Rc1 Rc8 16. Qe2 Nd5 17. Ne4 Nxe3 18. fxe3 e5 19.
dxe5 Bxe5 20. Rc5 Bxh2+ 21. Kh1 Qh4 22. Nf6+ Kh8 23. Rc4 Bf4+ 24. Kg1 Qh2+ 25.
Kf2 Qg3+ 26. Kg1 Qh2+ 27. Kf2 Bg3+ 28. Kf3 Be5 29. Rf4 Bxf6 30. Rxf6 Qe5 31.
Rf4 Qd5+ 32. Kg3 Rce8 33. b3 Qe5 34. Kf3 Re7 35. Rc1 Rfe8 36. e4 Qh5+ 37. g4
Qh3+ 38. Kf2 Qh2+ (38... g5 39. Rf3 Qh4+ 40. Rg3 Rxe4) 39. Kf3 Qxe2+ 40. Kxe2
Rxe4+ 41. Rxe4 Rxe4+ 42. Kf3 Re6 43. Kf4 Kg7 44. Rc5 Kf8 45. Kg5 Kg7 46. Ra5
f6+ 47. Kf4 g5+ 48. Kf5 Re7 49. Rc5 Kf7 50. b4 h6 51. a4 Re5+ 52. Rxe5 fxe5 53.
Kxe5 Kg6 54. Ke4 a6 55. Kf3 h5 56. gxh5+ Kxh5 57. Kg3 Kg6 58. Kg4 Kf6 59. a5
Ke5 60. Kxg5 Kd4 61. Kf4 Kc4 62. Ke4 Kxb4 63. Kd4 c5+ 64. Kd3 Kb3 65. Kd2 c4
66. Kc1 Kc3 0-1

[Event "Lardenne op 2th"]
[Site "?"]
[Date "2014.05.18"]
[Round "2.4"]
[White "Montelle, Thomas"]
[Black "Marchadour, Emilie"]
[Result "0-1"]
[WhiteElo "1733"]
[BlackElo "2017"]
[PlyCount "46"]
[EventDate "2014.??.??"]

{509MB, Fritz 14.ctg} 1. d4 Nf6 2. Nf3 c5 3. d5 g6 4. Nc3 Bg7 5. e4 d6 6. Be2
O-O 7. O-O Nbd7 8. h3 Ne8 9. Be3 Nc7 10. Qd2 Bh8 11. Bh6 Re8 12. h4 Ne5 13.
Nxe5 Bxe5 14. h5 e6 15. Be3 exd5 16. exd5 Qh4 17. f4 Bxc3 18. bxc3 Nxd5 19.
Qxd5 Rxe3 20. hxg6 hxg6 21. Bd3 Bh3 22. Bxg6 Bxg2 23. Bxf7+ Kh8 0-1

[Event "Lardenne op 2th"]
[Site "?"]
[Date "2014.05.18"]
[Round "2.5"]
[White "Guerzeder, Thomas"]
[Black "Laurain, Dominique"]
[Result "1/2-1/2"]
[WhiteElo "1642"]
[BlackElo "1938"]
[PlyCount "65"]
[EventDate "2014.??.??"]

{509MB, Fritz 14.ctg} 1. d4 Nf6 2. c4 g6 3. Nc3 d5 4. cxd5 Nxd5 5. e4 Nxc3 6.
bxc3 Bg7 7. Nf3 O-O 8. Rb1 c5 9. Be3 Nc6 10. Qd2 (10. dxc5) 10... cxd4 11. cxd4
Na5 12. Bh6 b6 13. h4 Bb7 14. Bd3 Qd6 15. Bxg7 Kxg7 16. h5 Kg8 17. e5 Qa3 18.
hxg6 fxg6 19. Qh6 Qc3+ 20. Ke2 (20. Nd2 $1 $18 Kf7 21. Qxh7+ Ke8 22. Rh3) 20...
Rf7 21. e6 Rg7 22. Bxg6 Ba6+ 23. Kd1 Bd3 24. Rc1 Qa3 25. Bxd3 Qxd3+ 26. Qd2 Qf5
27. Qe3 Rd8 28. Ke2 Rg4 29. Rh4 Rg6 30. Re4 Qb5+ 31. Qd3 Qa4 32. Qc2 Qb5+ 33.
Qd3 1/2-1/2

[Event "Lardenne op 2th"]
[Site "Toulouse"]
[Date "2014.05.18"]
[Round "2.8"]
[White "Abdelmoumen, Hatim"]
[Black "Nassar, Christophe"]
[Result "1-0"]
[WhiteElo "1935"]
[BlackElo "1753"]
[PlyCount "77"]
[EventDate "2014.??.??"]

1. e4 d5 2. exd5 Qxd5 3. Nc3 Qa5 4. d4 c6 5. Bd2 Nf6 6. Nf3 Bg4 7. h3 Bxf3 8.
Qxf3 Nbd7 9. Bc4 Qc7 10. g4 e6 11. O-O-O Nb6 12. Bb3 Nbd5 13. Ne2 a5 14. c4 a4
15. Bc2 Nb4 16. Bb1 c5 17. d5 exd5 18. cxd5 Bd6 19. Nc3 Be5 20. Rhe1 O-O 21.
Qf5 Rfe8 22. g5 g6 23. Qf3 Nh5 24. a3 Bxc3 25. Bxc3 Rxe1 26. Rxe1 Na6 27. Be5
Qe7 28. d6 Qxg5+ 29. Re3 c4 30. Ba2 Nc5 31. Bxc4 Nb3+ 32. Kd1 Qf5 33. Qxf5 gxf5
34. Bxb3 axb3 35. d7 Rd8 36. Rd3 Ng7 37. Bf6 Ne6 38. Bxd8 Nxd8 39. Re3 1-0

[Event "Lardenne op 2th"]
[Site "Toulouse"]
[Date "2014.05.18"]
[Round "2.11"]
[White "Dupouy, Francois"]
[Black "Apap, Titouan"]
[Result "1-0"]
[WhiteElo "2028"]
[BlackElo "1661"]
[Annotator "Charruyer, Baptiste"]
[PlyCount "47"]

1. e4 c5 2. Nf3 a6 3. c4 Nc6 4. d4 cxd4 5. Nxd4 e6 6. Be3 Nf6 7. Bd3 Ne5 8. O-O
Nxd3 9. Qxd3 d6 10. h3 Be7 11. Nc3 O-O 12. Rad1 Qc7 13. f4 Rd8 14. g4 Nd7 15.
Qe2 b6 16. g5 Bb7 17. Qg4 Rac8 18. Nxe6 fxe6 19. Qxe6+ Kf8 20. Nd5 Bxd5 21.
Rxd5 g6 $4 (21... Re8 22. Rf5+ Bf6 23. Qd5 $13) 22. f5 Nc5 23. Bxc5 dxc5 24.
fxg6+ 1-0

[Event "Lardenne op 2th"]
[Site "Toulouse"]
[Date "2014.05.18"]
[Round "2.15"]
[White "Carral, Didier"]
[Black "Charruyer, Baptiste"]
[Result "1-0"]
[WhiteElo "1878"]
[BlackElo "1630"]
[PlyCount "45"]
[EventDate "2014.??.??"]

1. e4 d5 2. exd5 Nf6 3. c4 c6 4. d4 cxd5 5. Nc3 e6 6. Nf3 Nc6 7. a3 b6 8. Bg5
Be7 9. Ne5 Bb7 10. Qa4 Rc8 11. c5 O-O 12. Bb5 Nxe5 13. dxe5 Ne4 14. Nxe4 dxe4
15. Bxe7 Qxe7 16. c6 Ba8 17. O-O Qc5 18. Rac1 Qxe5 19. Rc3 a5 (19... Rfd8) 20.
Re1 Rfd8 21. Rxe4 Qd5 22. Re1 f5 $2 23. Rcc1 1-0

[Event "Lardenne op 2th"]
[Site "Toulouse"]
[Date "2014.05.18"]
[Round "2.16"]
[White "Mohtaji, Javad"]
[Black "Lepetit, Fabien"]
[Result "0-1"]
[WhiteElo "1873"]
[BlackElo "1617"]
[PlyCount "22"]

1. e4 e5 2. Nc3 Nc6 3. Bc4 Bc5 4. Qg4 Qf6 5. Nd5 Qxf2+ 6. Kd1 Nf6 $4 (6... Kf8)
7. Qxg7 Nxd5 8. Qxh8+ Ke7 9. exd5 $4 (9. Qg8 Nf6 10. Qxf7+ Kd8 $18) 9... Qxg2
10. dxc6 $4 (10. d4 d6 (10... Bxd4 11. Bh6)) 10... d6 11. Be2 Bg4 0-1

[Event "Lardenne op 2th"]
[Site "Toulouse"]
[Date "2014.05.18"]
[Round "2.18"]
[White "Estadieu, Romeo"]
[Black "Page, Soline"]
[Result "1-0"]
[WhiteElo "1826"]
[BlackElo "1540"]
[PlyCount "103"]

1. e4 d6 2. d4 Nf6 3. Nc3 g6 4. f4 Bg7 5. Nf3 O-O 6. Bd3 c6 7. O-O Nbd7 8. e5
dxe5 9. fxe5 Nd5 10. Nxd5 cxd5 11. Qe1 e6 12. Bg5 Qc7 13. Qe3 Nb6 14. b3 Bd7
15. Bh6 Nc8 16. h4 Ne7 17. g4 a6 18. h5 Bb5 19. Nh4 Bxd3 20. cxd3 Qb6 21. Bxg7
Kxg7 22. Qf4 Ng8 23. Rac1 Qd8 24. g5 h6 25. gxh6+ Nxh6 26. Qg3 Qb6 27. hxg6
Qxd4+ 28. Kh1 Qg4 29. Qxg4 Nxg4 30. gxf7 Rxf7 31. Rg1 Rf4 32. Rc7+ Kh6 33. Nf3
Rg8 34. Rg3 Nf2+ 35. Kg2 Rxg3+ 36. Kxg3 Nxd3 37. Rc3 Rxf3+ 38. Kxf3 Nxe5+ 39.
Ke2 Kg5 40. Rc7 b6 41. Ra7 a5 42. Rb7 a4 43. Rxb6 axb3 44. axb3 Kf5 45. Rb8 Nc6
46. Rb6 Nd4+ 47. Kd3 e5 48. b4 Nb3 49. Rd6 d4 50. Kc2 Na1+ 51. Kb2 e4 52. Rxd4
1-0

[Event "Lardenne op 2th"]
[Site "Toulouse"]
[Date "2014.05.18"]
[Round "2.21"]
[White "De Baralle, Michel"]
[Black "Duquesne, Julien"]
[Result "0-1"]
[WhiteElo "1534"]
[BlackElo "1703"]
[PlyCount "38"]

1. d4 d5 2. Nf3 Nf6 3. Bg5 e6 4. e3 Nbd7 5. c4 c6 6. Nc3 Qa5 7. Bxf6 Nxf6 8.
Nd2 Bb4 9. Qc2 e5 10. cxd5 Nxd5 11. Nxd5 cxd5 12. a3 exd4 13. exd4 O-O 14. Rd1
Re8+ 15. Be2 Bd6 16. Qc3 Qb5 17. Qf3 Bf5 18. Kf1 Rxe2 19. Qxe2 Bd3 0-1

[Event "Lardenne op 2th"]
[Site "?"]
[Date "2014.05.18"]
[Round "2.25"]
[White "Mouret, Arnaud"]
[Black "Holler, Isabel"]
[Result "1-0"]
[WhiteElo "1497"]
[BlackElo "1290"]
[PlyCount "41"]

1. e4 d5 2. exd5 Nf6 3. c4 c6 4. dxc6 Nxc6 5. Nf3 Bf5 6. d4 e6 7. c5 b6 8. Bb5
Rc8 9. Ne5 Be4 10. f3 Bd5 11. Nc3 a6 12. Bxa6 Rc7 13. cxb6 Re7 14. Bb5 Qxb6 15.
Qa4 Ra7 16. Bxc6+ Kd8 17. Qb5 Qc7 18. Bxd5 exd5 19. O-O Bd6 20. Nxd5 Nxd5 21.
Qxd5 1-0

[Event "Lardenne op 2th"]
[Site "?"]
[Date "2014.05.18"]
[Round "2.27"]
[White "Mosset-Cancel, Yohann"]
[Black "Duranthon, Nathanael"]
[Result "1-0"]
[WhiteElo "1638"]
[BlackElo "1328"]
[PlyCount "69"]

1. d4 d5 2. c4 c6 3. Nc3 Nf6 4. Nf3 Bf5 5. Qb3 Qb6 6. Qxb6 axb6 7. cxd5 Ra5 8.
dxc6 bxc6 9. e3 e6 10. Bd2 Ra8 11. Nh4 Ne4 12. Nxf5 Nxd2 13. Nxg7+ Bxg7 14.
Kxd2 O-O 15. Bd3 c5 16. dxc5 bxc5 17. Ke2 Nc6 18. Be4 Ra6 19. Bxc6 Rxc6 20.
Rhd1 Rc7 21. Rd2 Rb8 22. Rad1 c4 23. Rd8+ Rxd8 24. Rxd8+ Bf8 25. Rb8 f5 26. a4
Rc6 27. f4 h5 28. h3 h4 29. Kf3 Kg7 30. g4 hxg3 31. Kxg3 Bc5 32. e4 Be3 33.
exf5 exf5 34. Rb5 Bc1 35. Ne2 1-0

[Event "Lardenne op 2th"]
[Site "?"]
[Date "2014.05.18"]
[Round "3.2"]
[White "Jackson, Thomas"]
[Black "Woloszyn, Florent"]
[Result "0-1"]
[WhiteElo "1636"]
[BlackElo "2081"]
[PlyCount "58"]

1. d4 Nf6 2. Bg5 c5 3. Bxf6 gxf6 4. c3 Qb6 5. Qc2 f5 6. e3 d6 7. Bd3 e6 8. Nd2
Nc6 9. Nc4 Qc7 10. dxc5 dxc5 11. Nf3 b5 12. Ncd2 a6 13. e4 f4 14. e5 Nxe5 15.
Be4 Ra7 16. Nxe5 Qxe5 17. Nf3 Qc7 18. Bxh7 f5 19. Bg6+ Ke7 20. h4 Kf6 21. h5
Bb7 22. O-O-O Bh6 23. Rhe1 Be4 24. Qe2 Rd8 25. Nd2 f3 26. gxf3 Bd5 27. Kb1 Qf4
28. Qe3 Bxa2+ 29. Kxa2 Qa4+ 0-1

[Event "Lardenne op 2th"]
[Site "?"]
[Date "2014.05.18"]
[Round "3.3"]
[White "Marty, Brice"]
[Black "Bartels, Marco"]
[Result "1-0"]
[WhiteElo "2080"]
[BlackElo "1386"]
[PlyCount "79"]
[EventDate "2014.??.??"]

1. d4 Nc6 2. e4 e5 3. d5 Nce7 4. Bg5 f6 5. Be3 Ng6 6. h4 Bb4+ 7. c3 Ba5 8. h5
N6e7 9. Qg4 g6 10. hxg6 Nxg6 11. Rxh7 N8e7 12. Rxh8+ Nxh8 13. d6 cxd6 14. Qg7
Neg6 15. Qg8+ Ke7 16. Qd5 Bb6 17. Nd2 Bxe3 18. fxe3 Qb6 19. Nc4 Qc6 20. O-O-O
Qxd5 21. Rxd5 Nf7 22. Ra5 a6 23. Nb6 Rb8 24. Bc4 Ng5 25. Nd5+ Kf7 26. Nb6+ Ke7
27. Bd5 Nh4 28. g3 Ng6 29. Nxc8+ Rxc8 30. Bxb7 Rc7 31. Bd5 Ra7 32. b4 Ne6 33.
b5 Rc7 34. b6 Rxc3+ 35. Kd2 Rc8 36. Rxa6 Rb8 37. b7 Nc7 38. Ra8 Nxa8 39. bxa8=Q
Rxa8 40. Bxa8 1-0

[Event "Lardenne op 2th"]
[Site "?"]
[Date "2014.05.18"]
[Round "3.4"]
[White "Lepetit, Fabien"]
[Black "Lagarde, Dimitri"]
[Result "0-1"]
[WhiteElo "1617"]
[BlackElo "1955"]
[PlyCount "60"]

1. e4 c5 2. Nf3 e6 3. d4 cxd4 4. Nxd4 Nc6 5. Be2 a6 6. Nc3 Nf6 7. Be3 Qc7 8. a3
Be7 9. O-O d6 10. f4 Bd7 11. Bf3 O-O 12. Rf2 Nxd4 13. Qxd4 Bc6 14. Qb6 Qb8 15.
Rd2 Nd7 16. Qb4 Re8 17. Rad1 d5 18. Qd4 Bc5 19. Qd3 Qxf4 20. Bxc5 Nxc5 21. Qe2
Nxe4 22. Bxe4 dxe4 23. Rf1 Qe5 24. Qe3 Rad8 25. Rfd1 Rxd2 26. Rxd2 f5 27. Rf2
Rd8 28. Qg5 Qd4 29. g4 e3 30. Rf4 e2+ 0-1

[Event "Lardenne op 2th"]
[Site "?"]
[Date "2014.05.18"]
[Round "3.5"]
[White "Bachkat, Ali"]
[Black "Cesbron, Guy"]
[Result "0-1"]
[WhiteElo "1627"]
[BlackElo "2042"]
[PlyCount "100"]
[EventDate "2014.??.??"]

1. Nf3 e6 2. g3 f5 3. d4 Nf6 4. c4 d6 5. Bg2 Be7 6. Nc3 O-O 7. h4 Qe8 8. Qb3
Nc6 9. Nb5 Qd7 10. Bd2 Ne4 11. Be3 a6 12. Nc3 Nxc3 13. Qxc3 Bf6 14. Bg5 Qe7 15.
O-O-O Nd8 16. Bxf6 Qxf6 17. Qd3 Nf7 18. Rdf1 e5 19. dxe5 dxe5 20. Qb3 Be6 21.
Nd2 Rab8 22. Qc3 Qe7 23. e4 f4 24. gxf4 exf4 25. f3 Qc5 26. Rfg1 Qe3 27. Qc2
Ne5 28. Kb1 Rbd8 29. Rd1 Rd7 30. Nf1 Rxd1+ 31. Qxd1 Qc5 32. b3 b5 33. cxb5 axb5
34. Qc2 Qd4 35. Nd2 Rd8 36. Rd1 c5 37. Qb2 Qd3+ 38. Qc2 Qd4 39. Qb2 Qd3+ 40.
Kc1 Nc6 41. Bf1 Qe3 42. Bxb5 Nd4 43. Bc4 Bxc4 44. bxc4 Ne2+ 45. Kb1 Nc3+ 46.
Kc1 Nxd1 47. Kxd1 Qxf3+ 48. Kc1 Qh1+ 49. Kc2 Rxd2+ 50. Kxd2 Qg2+ 0-1

[Event "Lardenne op 2th"]
[Site "Toulouse"]
[Date "2014.05.18"]
[Round "3.6"]
[White "Laurain, Dominique"]
[Black "Mosset-Cancel, Drystan"]
[Result "1-0"]
[WhiteElo "1938"]
[BlackElo "1520"]
[PlyCount "71"]

1. d4 Nf6 2. c4 e6 3. Nf3 b6 4. a3 Bb7 5. e3 d5 6. Nc3 c5 7. Be2 dxc4 8. Bxc4
Nd5 9. O-O cxd4 10. exd4 Be7 11. Re1 O-O 12. Bd3 Nd7 13. Bd2 Nxc3 14. bxc3 Rc8
15. Re3 Bxf3 16. Rxf3 Bg5 17. Rh3 g6 18. f4 Bf6 19. g4 Kg7 20. g5 Be7 21. Qe1
Rh8 22. c4 Qc7 23. Qe4 Rce8 24. Bc3 Bd6 25. d5+ e5 26. Re1 Re7 27. f5 Ree8 28.
Qh4 Bxa3 29. Qh6+ Kg8 30. fxg6 fxg6 31. Bxg6 Nf8 32. Bxe8 Qxc4 33. Qf6 Bc5+ 34.
Kg2 Qxd5+ 35. Rf3 Qa2+ 36. Kg3 1-0

[Event "Lardenne op 2th"]
[Site "Toulouse"]
[Date "2014.05.18"]
[Round "3.7"]
[White "Montealegre, Pablo"]
[Black "Abdelmoumen, Hatim"]
[Result "0-1"]
[WhiteElo "1574"]
[BlackElo "1935"]
[Annotator "CHARRUYER,Baptiste"]
[PlyCount "38"]

1. d4 f5 2. c4 Nf6 3. Nc3 e6 4. Nf3 d5 5. e3 c6 6. Bd2 Bd6 7. c5 Bc7 8. b4 O-O
9. Be2 b6 10. O-O Nbd7 11. Qc2 Ne4 12. Rfb1 Qf6 13. a4 bxc5 14. dxc5 g5 15. Qb2
g4 16. Ne1 Rb8 (16... Bxh2+ 17. Kxh2 (17. Kf1 Qh4 18. Nd3 Ne5) 17... Qh4+ 18.
Kg1 Qxf2+ 19. Kh2 Rf6) 17. Qc2 Bxh2+ 18. Kf1 Qh4 19. Nd3 Be5 0-1

[Event "Lardenne op 2th"]
[Site "Toulouse"]
[Date "2014.05.18"]
[Round "3.11"]
[White "Gipouloux, Laurent"]
[Black "Dupouy, Francois"]
[Result "1-0"]
[WhiteElo "1690"]
[BlackElo "2028"]
[PlyCount "57"]

1. e4 c5 2. b3 b6 3. Bb2 Bb7 4. Nc3 e6 5. Nf3 d6 6. Bb5+ Nd7 7. O-O a6 8. Be2
Ngf6 9. d3 Be7 10. Nd2 O-O 11. f4 Qc7 12. Bf3 Rfd8 13. Qe2 Bf8 14. Rae1 Ne8 15.
Qf2 b5 16. Kh1 Rac8 17. e5 Bxf3 18. Nxf3 Be7 19. f5 exf5 20. Nd5 Qb7 21. Nxe7+
Kf8 22. Nxc8 Qxc8 23. Ng5 Nxe5 24. Bxe5 dxe5 25. Qxf5 Qxf5 26. Rxf5 Nf6 27. h3
h6 28. Ne4 Nxe4 29. Rxe4 1-0

[Event "Lardenne op 2th"]
[Site "Toulouse"]
[Date "2014.05.18"]
[Round "3.13"]
[White "Charruyer, Baptiste"]
[Black "Moreau, Emilien"]
[Result "1/2-1/2"]
[WhiteElo "1630"]
[BlackElo "1885"]
[PlyCount "41"]
[EventDate "2014.??.??"]
[EventCountry "FRA"]

1. d4 Nf6 2. Nf3 e6 3. Bf4 c5 4. e3 cxd4 5. exd4 d6 6. c3 Be7 7. Nbd2 O-O 8.
Be2 b6 9. O-O Ba6 10. Bxa6 Nxa6 11. Re1 Nc7 12. h3 Rc8 13. Qe2 d5 14. a4 Qd7
15. Ne5 Qe8 16. Bh2 Nd7 17. Nc6 Bd8 18. Bd6 a5 19. Nxd8 Qxd8 20. Bxf8 Qxf8 21.
f4 1/2-1/2

[Event "Lardenne op 2th"]
[Site "Toulouse"]
[Date "2014.05.18"]
[Round "3.14"]
[White "Laffont, Jean-Christophe"]
[Black "Carral, Didier"]
[Result "1-0"]
[WhiteElo "1572"]
[BlackElo "1878"]
[PlyCount "83"]
[EventDate "2014.??.??"]
[EventCountry "FRA"]

1. d4 Nf6 2. Nc3 d5 3. Nf3 Bg4 4. h3 Bxf3 5. exf3 e6 6. Bg5 Be7 7. Bd3 Nbd7 8.
Bf4 a6 9. O-O c5 10. Be2 O-O 11. Re1 cxd4 12. Qxd4 Bc5 13. Qd2 b5 14. a3 Qb6
15. Nd1 Rac8 16. c3 Qc6 17. Bf1 Nb6 18. b3 Nbd7 19. Bh2 Rfd8 20. f4 Ne4 21. Qd3
Ba7 22. Rc1 Qc5 23. b4 Qb6 24. Rc2 Ndf6 25. Ree2 Rc6 26. Kh1 Rdc8 27. Re3 Rxc3
28. Nxc3 Nxf2+ 29. Rxf2 Qxe3 30. Rf3 Qb6 31. f5 d4 32. Ne2 Re8 33. Be5 Rd8 34.
Bxf6 gxf6 35. Rg3+ Kh8 36. Rg4 e5 37. Ng3 Rc8 38. Ne4 Rc3 39. Qd2 Re3 40. Bd3
Qc6 41. Rg3 Rxe4 $4 42. Qh6 1-0

[Event "Lardenne op 2th"]
[Site "Toulouse"]
[Date "2014.05.18"]
[Round "3.22"]
[White "Duquesne, Julien"]
[Black "Daloz, Mateo"]
[Result "1-0"]
[WhiteElo "1703"]
[BlackElo "1236"]
[PlyCount "25"]
[EventDate "2014.??.??"]
[EventCountry "FRA"]

1. e4 e5 2. Nf3 Nc6 3. Bc4 Nf6 4. d3 Bc5 5. O-O d6 6. c3 O-O 7. h3 Be6 8. Nbd2
Qd7 9. Re1 Rfe8 10. Bb5 Bb6 11. d4 exd4 12. cxd4 Nxd4 13. Bxd7 1-0

[Event "Lardenne op 2th"]
[Site "Toulouse"]
[Date "2014.05.18"]
[Round "3.27"]
[White "Destic, Elena"]
[Black "Parpinel, Mario"]
[Result "0-1"]
[WhiteElo "1301"]
[BlackElo "1669"]
[PlyCount "54"]

1. e4 d6 2. d4 Nf6 3. Nc3 e5 4. dxe5 dxe5 5. Qxd8+ Kxd8 6. Bg5 Be6 7. O-O-O+
Nbd7 8. Nf3 Kc8 9. a3 Bc5 10. Rd2 Ng4 11. Bh4 f6 12. h3 Nh6 13. g4 g5 14. Bg3
Nf7 15. Nd5 Nd6 16. b4 Bb6 17. Nxb6+ axb6 18. Kb2 Nxe4 19. Rd1 c5 20. Bb5 cxb4
21. axb4 Ra2+ 22. Kc1 Nc3 23. Bxd7+ Bxd7 24. Rde1 Ba4 25. Kd2 Rxc2+ 26. Kd3
Rd8+ 27. Ke3 Bb5 0-1

[Event "Lardenne op 2th"]
[Site "Toulouse"]
[Date "2014.05.18"]
[Round "3.28"]
[White "Apap, Titouan"]
[Black "Boyd, Emilie"]
[Result "1-0"]
[WhiteElo "1661"]
[BlackElo "1040"]
[PlyCount "59"]

1. d4 d5 2. c4 e6 3. e3 Nf6 4. Nf3 Nc6 5. a3 Be7 6. Nc3 O-O 7. cxd5 exd5 8. Bd3
b6 9. Bc2 Bb7 10. h4 h6 11. Qd3 Re8 12. g4 g6 13. g5 hxg5 14. hxg5 Nh7 15. Nh4
Nf8 16. f4 Qc8 17. Bd2 Ba6 18. Nb5 Bxb5 19. Qxb5 Qd7 20. Ba4 Red8 21. Qxc6 Qxc6
22. Bxc6 Rab8 23. Ke2 b5 24. Ba5 Rd6 25. Rac1 Bd8 26. Bb4 Re6 27. Bxd5 Reb6 28.
Rhg1 Rc8 29. Bc5 Ra6 30. Bb7 1-0

[Event "Lardenne op 2th"]
[Site "Toulouse"]
[Date "2014.05.18"]
[Round "3.31"]
[White "Page, Simon"]
[Black "Granados, Anthony"]
[Result "1/2-1/2"]
[WhiteElo "1317"]
[BlackElo "1647"]
[Annotator "CHARRUYER,Baptiste"]
[PlyCount "127"]

1. e4 c5 2. Nf3 d6 3. c3 Nc6 4. Bb5 Bd7 5. d4 cxd4 6. Nxd4 Nf6 7. Qd3 Ne5 8.
Bxd7+ Qxd7 9. Qc2 Qg4 10. f3 Qh4+ 11. Qf2 $4 Qxf2+ (11... Nd3+) 12. Kxf2 a6 13.
a4 g6 14. Be3 Nd3+ 15. Ke2 Nxb2 16. Nd2 Rc8 17. Rhb1 Nc4 18. Nxc4 Rxc4 19. Rxb7
Bg7 20. Rab1 O-O 21. Rxe7 Rfc8 22. Rbb7 Rf8 23. Ne6 $1 fxe6 24. Rxg7+ Kh8 25.
Bd4 e5 26. Be3 Rxa4 27. Bg5 Ra2+ 28. Kd3 Rxg2 29. Bxf6 Rxf6 30. Rxh7+ Kg8 31.
Rhg7+ Kh8 32. Rgd7 Rxf3+ 33. Kc4 Rgf2 34. Rxd6 Rf6 35. Rdd7 Kg8 36. Ra7 Rf7 37.
Rxf7 Rxf7 38. Rxa6 Rc7+ 39. Kd5 Rxc3 40. Rxg6+ Kf7 41. Rh6 Kg7 42. Rc6 Rh3 43.
Rc2 Rh5 44. Rf2 Kg6 45. h4 Kg7 46. Ke6 Rxh4 47. Kxe5 Kg6 48. Kd5 Rh1 49. e5
Rd1+ 50. Ke6 Ra1 51. Rg2+ Kh6 52. Ke7 Ra7+ 53. Kf6 Kh7 54. e6 Ra1 55. Ke7 $2 (
55. Rg7+ Kh6 56. Rg6+ Kh7 57. Rg5 Kh6 58. Re5) 55... Rd1 56. Ke8 Re1 57. e7 Rd1
58. Rg3 Rd2 $11 {Proposition de nulle acceptée} 59. Rg4 Re2 (59... Rb2 60. Kf7
Rf2+ 61. Ke6 Re2+ 62. Kf6 Re1 63. Rg5 Re2 64. Re5) (59... Kh8 60. Kf7 Rf2+ 61.
Ke6 Re2+ 62. Kf6) (59... Kh6 60. Kf7 Rf2+ 61. Ke6 Re2+ 62. Kf6 Rf2+ (62... Kh5
63. Rg5+ Kh4 64. Re5) 63. Ke5) 60. Kf7 Rf2+ 61. Ke6 Re2+ 62. Kf6 Rf2+ 63. Ke5
Re2+ 64. Re4 1/2-1/2